000
00304cam a22001331 4500
082
_a
892.73
_b
GIB
100
1
_a
Gibb, H. A. R.
245
0
0
_a
Arabic literature,
250
_a
2d (rev.) ed.
260
_a
Oxford,
_b
Clarendon Press,
_c
1963.
300
_a
182 p.
650
0
_a
Arabic literature
942
_c
BK
999
_c
21336
_d
21336